000 00199 a2200097 4500
001 34952
100 _aAsia
245 _aAsia year Book-1991
260 _aHong Kong
_bBank
_c
090 _c23114
_d23114
942 _aNUST-CAE
_cM
_c14575
999 _c270025
_d270025